Mystery Taylor Swift Song #54 - Statistics

General Stats
  • This quiz has been taken 535 times
  • The average score is 91 of 131
Answer Stats
Song % Correct
I
96%
the
95%
you
95%
be
92%
on
91%
one
90%
Folklore
89%
in
89%
It
89%
And
88%
by
88%
we
88%
been
87%
me
87%
no
87%
so?
87%
the 1
87%
my
86%
your
86%
of
85%
Would
85%
if
84%
I'm
84%
were
84%
to
83%
But
81%
have
81%
would've
81%
you're
81%
at
80%
some
80%
think
80%
don't
79%
all
77%
good
77%
it's
77%
know
77%
never
77%
didn't
76%
doing
76%
fun
76%
new
76%
saw
76%
bus
75%
her
75%
now
75%
shit
75%
though
75%
time
75%
yes
75%
something
74%
instead
73%
saying
73%
thought
73%
stop
71%
true
71%
are
70%
came
70%
could've
70%
For
70%
wishes
70%
greatest
69%
had
69%
made
69%
none
69%
should've
69%
this
69%
alone
68%
pool
68%
home
67%
over
67%
take
67%
up
67%
well
67%
defense
66%
gonna
66%
pennies
66%
thing
66%
films
65%
own
65%
tossing
65%
dream
64%
grow
64%
internet
64%
woman
64%
baby
63%
cool
63%
leaving
63%
loves
63%
meet
63%
really
63%
wanted
63%
20s
62%
enough
62%
night
62%
(Ooh)
62%
everything
61%
making
61%
alright
60%
count
60%
day
60%
guess
60%
different
59%
Roaring
59%
Having
58%
numbers
58%
adventures
57%
another
57%
bleed
57%
waking
57%
ask
56%
showed
56%
today?
56%
painted
55%
each
54%
resist
54%
Sunday
54%
sweet
54%
hit
53%
with
53%
family
52%
ground
52%
running
50%
temptation
49%
chosen
48%
matinée
47%
persist
46%
grave
44%
digging
43%
Rosé
33%
flowing
31%
No matching quizzes found
Score Distribution
Percent of People with Each Score
Percentile by Number Answered
Your Score History
You have not taken this quiz